Možnosti úpravy CAM stratégií
Saved in:
| Main Author: | |
|---|---|
| Other Authors: | |
| Format: | Manuscript Book |
| Language: | Slovak |
| Published: |
2015
|
| Subjects: | |
| Online Access: | http://is.stuba.sk/zp/portal_zp.pl?podrobnosti=96081 |
| Tags: |
No Tags, Be the first to tag this record!
|
MARC
| LEADER | 00000ntm a22000003a 4500 | ||
|---|---|---|---|
| 001 | stuzp50560 | ||
| 003 | SK-STU | ||
| 005 | 20160719153607.1 | ||
| 007 | ta | ||
| 008 | 150427s2015----xo-----f-mn---000-0-slo-d | ||
| 040 | |a STU |b slo | ||
| 041 | 0 | |a slo | |
| 100 | 1 | |a Hrubša, Dávid |u 063000 |4 aut |U MTF Materiálovotechnologická fakulta |T MTF Ústav výrobných technológií |X 8305 |U M3000 |Y 83 |7 8305 | |
| 242 | 0 | 1 | |a Options adjustments CAM strategy |y eng |
| 245 | 1 | 0 | |a Možnosti úpravy CAM stratégií |
| 260 | |c 2015 | ||
| 650 | 4 | |a NC |2 slo | |
| 650 | 4 | |a frézovanie |2 slo | |
| 650 | 4 | |a CAM |2 slo | |
| 650 | 4 | |a stratégie |2 slo | |
| 650 | 4 | |a Milling |2 eng | |
| 650 | 4 | |a CAM |2 eng | |
| 650 | 4 | |a NC |2 eng | |
| 650 | 4 | |a strategy |2 eng | |
| 700 | 1 | |a Zaujec, Rudolf |4 ths |X 65991 |7 A000065991 | |
| 856 | 4 | |u http://is.stuba.sk/zp/portal_zp.pl?podrobnosti=96081 | |
| 996 | |c M* BP-7413 |l MMSKP |s P |a 0 |w stuzp50560_0001 | ||
| SQL | |a stuzp50560 |b DBP |c SLO |d Možnosti úpravy CAM stratégií |e 8305 |f Hrubša, Dávid |g 063000 |h 65991 |i Zaujec, Rudolf |j 20150623 |k 174 |l 06 |m http://is.stuba.sk/zp/portal_zp.pl?podrobnosti=96081 |n B-PPT |o 5.2.51. výrobné technológie | ||